Right from the start (Record no. 76895)

MARC details
000 -LEADER
fixed length control field 01092cab a2200205 4500
001 - CONTROL NUMBER
control field ##L133263
008 - FIXED-LENGTH DATA ELEMENTS--GENERAL INFORMATION
fixed length control field 060424n2006 000 0 eng u
035 ## - SYSTEM CONTROL NUMBER
System control number (Sirsi) u133263
041 0# - LANGUAGE CODE
Language code of text/sound track or separate title eng
100 1# - MAIN ENTRY--PERSONAL NAME
Personal name Caletka, Tony
245 00 - TITLE STATEMENT
Title Right from the start
260 ## - PUBLICATION, DISTRIBUTION, ETC.
Date of publication, distribution, etc. 2006
490 #0 - SERIES STATEMENT
Series statement Building
Volume/sequential designation 271(8427) 21 April 2006, 72(1)
520 ## - SUMMARY, ETC.
Summary, etc. Argues that the Society of Construction Law's (SCL's) delay and disruption protocol provides a framework for agreeing a method of assessing how the impact of events will be determined, which is now more important than ever following the decision in "Midland Expressway v Carillion Construction Ltd" ([2005] EWHC 2963, L132321). The protocol recommends that the impact of changes or events are measured against the updated and approved programme.
590 ## - LOCAL NOTE (RLIN)
Local note IKA250406
650 24 - SUBJECT ADDED ENTRY--TOPICAL TERM
Topical term or geographic name entry element MIDLAND EXPRESSWAY LTD V CARILLION CONSTRUCTION LTD AND OTHERS
650 24 - SUBJECT ADDED ENTRY--TOPICAL TERM
Topical term or geographic name entry element SOCIETY OF CONSTRUCTION LAW DELAY AND DISRUPTION PROTOCOL
690 ## - LOCAL SUBJECT ADDED ENTRY--TOPICAL TERM (OCLC, RLIN)
Topical term or geographic name as entry element MANAGEMENT-DISPUTE AVOIDANCE, MANAGEMENT AND RESOLUTION-DISPUTE MANAGEMENT AND RESOLUTION
942 ## - ADDED ENTRY ELEMENTS (KOHA)
Suppress in OPAC 0
Holdings
Withdrawn status Lost status Source of classification or shelving scheme Damaged status Not for loan Home library Current library Shelving location Date acquired Total Checkouts Full call number Barcode Date last seen Copy number Price effective from Koha item type
    Dewey Decimal Classification     London London Journal article 24/04/2006   L133263 133263-1001 06/08/2019 1 06/08/2019 Journal article